[Event "Thanksgiving op U1900"]
[Site "Toronto CAN"]
[Date "2013.10.14"]
[Round "5"]
[White "Peng, Janet"]
[Black "Supsup, Ferdinand"]
[Result "0-1"]
[WhiteElo "1589"]
[BlackElo "1829"]
[PlyCount "112"]
[GameId "2160767909229184"]
[EventDate "2013.10.12"]
[EventType "swiss"]
[EventRounds "6"]
[EventCountry "CAN"]

1. d4 Nf6 2. Nf3 g6 3. Bf4 Bg7 4. e3 c5 5. c3 Qb6 6. Qc1 d5 7. Be2 Bf5 8. O-O Nbd7 9. h3 Rc8 10. Nbd2 Ne4 11. Re1 O-O 12. dxc5 Ndxc5 13. Nd4 Bd7 14. N2f3 Rfe8 15. Be5 Bh6 16. Rb1 f6 17. Bh2 e5 18. Nc2 Be6 19. Nd2 Nd6 20. Nf3 Bf7 21. Qd1 Nce4 22. Nb4 Qc5 23. Nd2 Nxf2 24. Kxf2 Qxe3+ 25. Kf1 Qxd2 26. Qxd2 Bxd2 27. Red1 Ne4 28. Bf3 Bg5 29. Ke2 Red8 30. Bg1 a5 31. Nc2 Nc5 32. Kf1 Na4 33. Na1 f5 34. Nb3 b6 35. Bh2 Bf6 36. Bg1 Rd6 37. Bh2 Nc5 38. Nc1 g5 39. Ne2 Rdd8 40. Ng1 h5 41. Re1 f4 42. Rbd1 e4 43. Be2 Na4 44. Rb1 Rc5 45. Red1 d4 46. cxd4 Rxd4 47. Rxd4 Bxd4 48. b3 Nc3 49. Re1 Nxa2 50. Rd1 Rc1 51. Ke1 Rxd1+ 52. Bxd1 Nc3 53. Bc2 h4 54. Kf1 Be8 55. Ke1 Bb5 56. Kd2 Bf1 0-1

[Event "Thanksgiving op U1900"]
[Site "Toronto CAN"]
[Date "2013.10.14"]
[Round "6"]
[White "Supsup, Ferdinand"]
[Black "Moran-Venegas, Mario"]
[Result "1-0"]
[WhiteElo "1829"]
[BlackElo "1833"]
[PlyCount "101"]
[GameId "2160767909229185"]
[EventDate "2013.10.12"]
[EventType "swiss"]
[EventRounds "6"]
[EventCountry "CAN"]

1. d4 Nf6 2. Bf4 d6 3. c4 g6 4. Nc3 Bg7 5. e3 O-O 6. Nf3 Nbd7 7. Be2 c5 8. O-O a6 9. h3 Rb8 10. Qc2 cxd4 11. exd4 b6 12. Rfd1 Bb7 13. b4 Rc8 14. Qb3 Qc7 15. Be3 Bxf3 16. gxf3 e5 17. Rac1 exd4 18. Bxd4 Ne5 19. Na4 Ned7 20. Be3 Rfe8 21. Qd3 Bf8 22. f4 Qb7 23. a3 Qe4 24. Qxe4 Nxe4 25. Nxb6 Nxb6 26. Bxb6 Bg7 27. Rd3 Nc3 28. Bf1 Rxc4 29. Kh2 Rxf4 30. Rdxc3 Bxc3 31. Rxc3 d5 32. Kg3 Rf6 33. Bd4 Rfe6 34. Bg2 Rd6 35. a4 f5 36. b5 axb5 37. axb5 Rd7 38. b6 Kf7 39. Rc5 Ke6 40. Rb5 Rb8 41. f4 h6 42. Ra5 g5 43. Ra7 gxf4+ 44. Kxf4 Rd6 45. Rh7 Rbd8 46. b7 Rg8 47. Rxh6+ Kd7 48. Rxd6+ Kxd6 49. Be5+ Ke6 50. b8=Q Rxg2 51. Qe8# 1-0

[Event "Toronto Reserves"]
[Site "Toronto CAN"]
[Date "2013.04.15"]
[Round "1"]
[White "Manalo, Pepin"]
[Black "Southam, David"]
[Result "0-1"]
[WhiteElo "1841"]
[BlackElo "2193"]
[PlyCount "94"]
[GameId "2160767909364576"]
[EventDate "2013.04.15"]
[EventType "tourn"]
[EventRounds "7"]
[EventCountry "CAN"]
[SourceTitle "EXT 2022"]
[Source "ChessBase"]
[SourceDate "2021.10.06"]
[SourceVersion "1"]
[SourceVersionDate "2021.10.06"]
[SourceQuality "1"]

1. d4 e6 2. e4 d5 3. e5 c5 4. c3 Nc6 5. Nf3 Bd7 6. Be2 Nge7 7. Na3 Ng6 8. Nc2 f6 9. exf6 Qxf6 10. Bg5 Qf7 11. Qd2 Bd6 12. g3 e5 13. dxe5 Ncxe5 14. Nxe5 Nxe5 15. Be3 Nf3+ 16. Bxf3 Qxf3 17. Rg1 O-O-O 18. Qe2 Qe4 19. f3 Qg6 20. O-O-O Bc6 21. Qf2 b6 22. Rd2 Rhf8 23. f4 Rde8 24. Rf1 Re4 25. Qg1 Rfe8 26. f5 Qf7 27. Kb1 Qf6 28. Rdd1 Ba4 29. Bd2 Bb5 30. Rf2 Bd3 31. Kc1 Re2 32. g4 Qh4 33. Rxe2 Rxe2 34. Ne1 Be4 35. Qf1 Qf2 36. Qxf2 Rxf2 37. h4 Rh2 38. f6 gxf6 39. g5 f5 40. Nc2 Rxh4 41. Rf1 f4 42. Rg1 f3 43. Be3 Rh2 44. Na3 Re2 45. Nb5 Bb8 46. Bd2 f2 47. Rd1 Bg2 0-1

[Event "Toronto Reserves"]
[Site "Toronto CAN"]
[Date "2013.04.15"]
[Round "1"]
[White "Oliveira, Rodrigo"]
[Black "Nasir, Zehn"]
[Result "0-1"]
[WhiteElo "1937"]
[BlackElo "2113"]
[PlyCount "66"]
[GameId "2160767909364577"]
[EventDate "2013.04.15"]
[EventType "tourn"]
[EventRounds "7"]
[EventCountry "CAN"]
[SourceTitle "EXT 2022"]
[Source "ChessBase"]
[SourceDate "2021.10.06"]
[SourceVersion "1"]
[SourceVersionDate "2021.10.06"]
[SourceQuality "1"]

1. d4 Nf6 2. c4 e5 3. dxe5 Ng4 4. Nf3 Bc5 5. e3 Nc6 6. Be2 Ngxe5 7. O-O d6 8. Nc3 Be6 9. Nd5 O-O 10. Qc2 Nxf3+ 11. Bxf3 Ne5 12. Be2 b5 13. b4 bxc4 14. bxc5 Bxd5 15. Rd1 Bb7 16. f4 Nd3 17. cxd6 cxd6 18. Qxc4 Nxc1 19. Raxc1 Rc8 20. Qd4 Qa5 21. Bc4 Qa3 22. Rc3 Qb2 23. Rd2 Qb1+ 24. Bf1 Rxc3 25. Qxc3 Ba6 26. Rf2 Bxf1 27. Rxf1 Qxa2 28. Ra1 Qe6 29. Rxa7 Rc8 30. Qd2 h6 31. Ra6 Qb3 32. h3 Rc2 33. Qd4 Qb7 0-1

[Event "Toronto Reserves"]
[Site "Toronto CAN"]
[Date "2013.04.15"]
[Round "1"]
[White "Udrea, Chris"]
[Black "Stefanovic, Miroslav"]
[Result "1-0"]
[WhiteElo "1876"]
[BlackElo "1949"]
[PlyCount "115"]
[GameId "2160767909364579"]
[EventDate "2013.04.15"]
[EventType "tourn"]
[EventRounds "7"]
[EventCountry "CAN"]
[SourceTitle "EXT 2022"]
[Source "ChessBase"]
[SourceDate "2021.10.06"]
[SourceVersion "1"]
[SourceVersionDate "2021.10.06"]
[SourceQuality "1"]

1. d4 Nf6 2. Nf3 e6 3. c4 Bb4+ 4. Bd2 Qe7 5. Nc3 O-O 6. e3 Bxc3 7. Bxc3 Ne4 8. Qc2 Nxc3 9. Qxc3 d6 10. Bd3 Nd7 11. O-O e5 12. dxe5 Nxe5 13. Nxe5 dxe5 14. Be4 c6 15. g3 Bh3 16. Bg2 Bxg2 17. Kxg2 Rad8 18. Rfd1 e4 19. b4 Rd3 20. Rxd3 exd3 21. Qxd3 Qxb4 22. Rb1 Qe7 23. Rd1 h6 24. Qd4 b6 25. Rd2 Re8 26. h4 Qe4+ 27. Qxe4 Rxe4 28. Rd8+ Kh7 29. Rd4 Rxd4 30. exd4 Kg6 31. Kf3 Kf5 32. g4+ Ke6 33. Ke4 b5 34. d5+ cxd5+ 35. cxd5+ Kd6 36. Kd4 g5 37. h5 a5 38. f4 f6 39. f5 b4 40. Kc4 Ke5 41. Kc5 a4 42. Kxb4 Kxd5 43. Kxa4 Ke4 44. Kb4 Kf4 45. a4 Kxg4 46. a5 Kxh5 47. a6 g4 48. a7 Kg5 49. a8=Q h5 50. Qg2 Kxf5 51. Kc4 h4 52. Kd4 Kf4 53. Qf2+ Kg5 54. Ke4 h3 55. Qg3 f5+ 56. Ke3 f4+ 57. Qxf4+ Kh4 58. Kf2 1-0

[Event "Toronto Reserves"]
[Site "Toronto CAN"]
[Date "2013.04.22"]
[Round "2"]
[White "Chernik, Dmitry"]
[Black "Manalo, Pepin"]
[Result "1-0"]
[WhiteElo "1905"]
[BlackElo "1841"]
[PlyCount "75"]
[GameId "2160767909364580"]
[EventDate "2013.04.15"]
[EventType "tourn"]
[EventRounds "7"]
[EventCountry "CAN"]
[SourceTitle "EXT 2022"]
[Source "ChessBase"]
[SourceDate "2021.10.06"]
[SourceVersion "1"]
[SourceVersionDate "2021.10.06"]
[SourceQuality "1"]

1. e4 e5 2. Nf3 Nc6 3. Bb5 f5 4. d3 d6 5. Bg5 Be7 6. Bxe7 Ngxe7 7. Nc3 Ng6 8. d4 O-O 9. Bxc6 bxc6 10. dxe5 fxe4 11. Nxe4 d5 12. Nc5 Qe7 13. Qd4 Rf4 14. Qe3 d4 15. Qb3+ Kh8 16. Nd3 Re4+ 17. Kd2 Be6 18. Qb7 Rf8 19. Qxc6 Rg4 20. Rhg1 Qf7 21. h3 Bd5 22. e6 Bxc6 23. exf7 Re4 24. Ng5 Re7 25. Rae1 Rxe1 26. Rxe1 Bxg2 27. f3 h6 28. Rg1 Nh4 29. Ne5 hxg5 30. Rxg2 Kh7 31. Rxg5 g6 32. Rg4 Nf5 33. Rxg6 Nd6 34. Rf6 Kg7 35. Rf4 c5 36. b3 a5 37. a4 Rh8 38. Rg4+ 1-0

[Event "Toronto Reserves"]
[Site "Toronto CAN"]
[Date "2013.04.22"]
[Round "2"]
[White "Stefanovic, Miroslav"]
[Black "Southam, David"]
[Result "1/2-1/2"]
[WhiteElo "1949"]
[BlackElo "2193"]
[PlyCount "112"]
[GameId "2160767909364582"]
[EventDate "2013.04.15"]
[EventType "tourn"]
[EventRounds "7"]
[EventCountry "CAN"]
[SourceTitle "EXT 2022"]
[Source "ChessBase"]
[SourceDate "2021.10.06"]
[SourceVersion "1"]
[SourceVersionDate "2021.10.06"]
[SourceQuality "1"]

1. Nf3 g6 2. g3 Bg7 3. Bg2 d6 4. O-O e5 5. d3 f5 6. Bg5 Nf6 7. Qc1 h6 8. Bd2 Nc6 9. c4 Be6 10. Nc3 Rb8 11. Rb1 a5 12. Nh4 Ne7 13. Nd5 Bxd5 14. cxd5 g5 15. Nf3 b6 16. Ne1 Qd7 17. e4 f4 18. b4 axb4 19. Bxb4 O-O 20. gxf4 exf4 21. f3 Ng6 22. d4 Rf7 23. Nd3 Re8 24. Nf2 Nh4 25. Bd2 Ref8 26. Qc6 Qd8 27. Rb3 h5 28. Rd3 g4 29. e5 gxf3 30. Bxf3 Nxf3+ 31. Rxf3 dxe5 32. dxe5 Qxd5 33. Qxd5 Nxd5 34. Nd3 Bh6 35. Kf2 Ra8 36. Ra1 Ra4 37. a3 Rd4 38. Ke2 Bg7 39. Rg1 Kf8 40. Rg5 Re4+ 41. Kf2 Ne3 42. Bxe3 fxe3+ 43. Ke2 Rxf3 44. Kxf3 Ra4 45. Rxh5 Rxa3 46. Kxe3 c5 47. Kd2 c4 48. Nf4 b5 49. Ne6+ Kf7 50. Nxg7 Kxg7 51. e6 b4 52. Rc5 c3+ 53. Kd3 Kf6 54. Kc4 Ra2 55. Kxb4 Rxh2 56. Rxc3 Kxe6 1/2-1/2

[Event "Toronto Reserves"]
[Site "Toronto CAN"]
[Date "2013.04.22"]
[Round "2"]
[White "Udrea, Chris"]
[Black "Oliveira, Rodrigo"]
[Result "1-0"]
[WhiteElo "1876"]
[BlackElo "1937"]
[PlyCount "101"]
[GameId "2160767909364583"]
[EventDate "2013.04.15"]
[EventType "tourn"]
[EventRounds "7"]
[EventCountry "CAN"]
[SourceTitle "EXT 2022"]
[Source "ChessBase"]
[SourceDate "2021.10.06"]
[SourceVersion "1"]
[SourceVersionDate "2021.10.06"]
[SourceQuality "1"]

1. e4 c5 2. Nf3 d6 3. Nc3 a6 4. d3 Nc6 5. g3 e6 6. Bg2 Be7 7. O-O g5 8. Be3 h5 9. Qd2 g4 10. Nh4 Bd7 11. f3 Bf6 12. Rf2 Qe7 13. Raf1 Ne5 14. f4 Nc6 15. f5 O-O-O 16. fxe6 Bxe6 17. Rxf6 Nxf6 18. Bg5 Ne5 19. Bxf6 Qd7 20. Bxd8 Qxd8 21. Nd5 Kb8 22. b3 Ka7 23. d4 Nd7 24. dxc5 dxc5 25. Nf4 Ne5 26. Rd1 Qf6 27. Nxe6 fxe6 28. Qf2 Qe7 29. Qf4 Qg7 30. Qe3 Qe7 31. Bf1 Rf8 32. Be2 Ka8 33. Rf1 Rd8 34. Ng2 Rh8 35. Qf4 Qd6 36. Rd1 Qc7 37. Ne3 Qg7 38. Nc4 Nxc4 39. Bxc4 Rf8 40. Qd6 h4 41. Bxe6 hxg3 42. Qxg3 Qb2 43. Qg2 Qc3 44. Bf5 Qe3+ 45. Qf2 Qc3 46. Rd3 Qe5 47. Rd5 Qa1+ 48. Kg2 Qxa2 49. Qxc5 Rh8 50. Bxg4 Qa1 51. Qd4 1-0

[Event "Toronto Reserves"]
[Site "Toronto CAN"]
[Date "2013.04.29"]
[Round "3"]
[White "Manalo, Pepin"]
[Black "Nasir, Zehn"]
[Result "1/2-1/2"]
[WhiteElo "1841"]
[BlackElo "2113"]
[PlyCount "72"]
[GameId "2160767909364584"]
[EventDate "2013.04.15"]
[EventType "tourn"]
[EventRounds "7"]
[EventCountry "CAN"]
[SourceTitle "EXT 2022"]
[Source "ChessBase"]
[SourceDate "2021.10.06"]
[SourceVersion "1"]
[SourceVersionDate "2021.10.06"]
[SourceQuality "1"]

1. e4 c6 2. d4 d5 3. e5 Bf5 4. f4 e6 5. Nf3 c5 6. Bd3 Nh6 7. c3 Nc6 8. O-O cxd4 9. Bxf5 Nxf5 10. cxd4 Qb6 11. Nc3 Ncxd4 12. Kh1 Nxf3 13. Rxf3 Be7 14. Na4 Qc6 15. Rc3 Qd7 16. Nc5 Bxc5 17. Rxc5 O-O 18. a4 Rac8 19. b4 b6 20. Rxc8 Rxc8 21. b5 d4 22. Ra3 d3 23. Bd2 Qd5 24. Qf1 Rd8 25. Rc3 h6 26. Rc7 Qe4 27. Kg1 Qxa4 28. g4 Nd4 29. Qxd3 Qd1+ 30. Kf2 Nc6 31. Rd7 Rxd7 32. Qxd7 Na5 33. Qd8+ Kh7 34. Qd3+ g6 35. Qd7 Kg8 36. Qd8+ Kh7 1/2-1/2

[Event "Toronto Reserves"]
[Site "Toronto CAN"]
[Date "2013.04.29"]
[Round "3"]
[White "Oliveira, Rodrigo"]
[Black "Stefanovic, Miroslav"]
[Result "1-0"]
[WhiteElo "1937"]
[BlackElo "1949"]
[PlyCount "126"]
[GameId "2160767909364585"]
[EventDate "2013.04.15"]
[EventType "tourn"]
[EventRounds "7"]
[EventCountry "CAN"]
[SourceTitle "EXT 2022"]
[Source "ChessBase"]
[SourceDate "2021.10.06"]
[SourceVersion "1"]
[SourceVersionDate "2021.10.06"]
[SourceQuality "1"]

1. e4 c5 2. Nf3 g6 3. d4 cxd4 4. Qxd4 Nf6 5. e5 Nc6 6. Qh4 Nxe5 7. Nbd2 Qc7 8. c3 Bg7 9. Be2 O-O 10. O-O d5 11. Re1 Nc6 12. Nb3 e5 13. Bh6 Bxh6 14. Qxh6 Ng4 15. Qh4 Qd8 16. Qg3 f5 17. h3 f4 18. Qh4 Qxh4 19. Nxh4 Nf6 20. Nf3 Bf5 21. Bb5 e4 22. Nfd4 Bd7 23. Bxc6 Bxc6 24. Ne6 Rf7 25. Nxf4 Ng4 26. g3 g5 27. hxg4 gxf4 28. Nd4 fxg3 29. fxg3 Bd7 30. Rf1 Bxg4 31. Rxf7 Kxf7 32. Rf1+ Ke7 33. Rf4 Rg8 34. Kf2 Rg7 35. Ke3 Bd7 36. Kf2 Kd6 37. Rh4 Bg4 38. Rh6+ Ke5 39. Ke3 Rf7 40. a3 Rg7 41. a4 Rf7 42. a5 a6 43. Rb6 h5 44. Rg6 Rc7 45. Rb6 Rg7 46. Rh6 Rf7 47. Rb6 Rh7 48. Rg6 Bc8 49. Rg8 Bd7 50. Rg5+ Kd6 51. Ne2 Kc5 52. b3 h4 53. gxh4 Rxh4 54. Nf4 Bc6 55. c4 Kb4 56. cxd5 Bb5 57. Kxe4 Kxa5 58. Rg3 Kb4 59. Ke5 a5 60. d6 a4 61. Nd5+ Ka5 62. bxa4 Rxa4 63. Rg7 Bc6 1-0

[Event "Toronto Reserves"]
[Site "Toronto CAN"]
[Date "2013.04.29"]
[Round "3"]
[White "Southam, David"]
[Black "Chernik, Dmitry"]
[Result "1-0"]
[WhiteElo "2193"]
[BlackElo "1905"]
[PlyCount "99"]
[GameId "2160767909364587"]
[EventDate "2013.04.15"]
[EventType "tourn"]
[EventRounds "7"]
[EventCountry "CAN"]
[SourceTitle "EXT 2022"]
[Source "ChessBase"]
[SourceDate "2021.10.06"]
[SourceVersion "1"]
[SourceVersionDate "2021.10.06"]
[SourceQuality "1"]

1. d4 Nf6 2. c4 g6 3. f3 d5 4. cxd5 Nxd5 5. e4 Nf6 6. Be3 Bg7 7. Bc4 O-O 8. Ne2 c5 9. Nbc3 cxd4 10. Nxd4 a6 11. Rc1 e5 12. Nde2 b5 13. Bb3 Bb7 14. O-O Nc6 15. Nd5 Nxd5 16. Bxd5 Na5 17. Bxb7 Nxb7 18. Nc3 Na5 19. Qxd8 Rfxd8 20. Bb6 Bh6 21. Bxd8 Rxd8 22. Rc2 Rc8 23. Re2 Nc6 24. Nd5 Rd8 25. Rc2 Nd4 26. Rc7 Bf8 27. Kf2 Bd6 28. Rc3 Bb8 29. Rfc1 Ba7 30. Kf1 Kg7 31. Rc7 Bb8 32. Rc8 Rxc8 33. Rxc8 Bd6 34. Ra8 f5 35. Rxa6 Bc5 36. b4 Bf8 37. a4 fxe4 38. fxe4 bxa4 39. Rxa4 Nb5 40. Ke2 g5 41. Kd3 g4 42. Ra5 Nd4 43. b5 h5 44. b6 Nc6 45. Ra7+ Kh6 46. b7 Nb8 47. Nc7 Bd6 48. Nb5 Be7 49. Ra8 Nc6 50. Ra6 1-0

[Event "Toronto Reserves"]
[Site "Toronto CAN"]
[Date "2013.05.06"]
[Round "4"]
[White "Nasir, Zehn"]
[Black "Southam, David"]
[Result "0-1"]
[WhiteElo "2113"]
[BlackElo "2193"]
[PlyCount "86"]
[GameId "2160767909364588"]
[EventDate "2013.04.15"]
[EventType "tourn"]
[EventRounds "7"]
[EventCountry "CAN"]
[SourceTitle "EXT 2022"]
[Source "ChessBase"]
[SourceDate "2021.10.06"]
[SourceVersion "1"]
[SourceVersionDate "2021.10.06"]
[SourceQuality "1"]

1. e4 e6 2. d4 d5 3. Nd2 Be7 4. Ngf3 Nf6 5. e5 Nfd7 6. Bd3 c5 7. c3 Nc6 8. O-O g5 9. dxc5 g4 10. Nd4 Ndxe5 11. N2b3 Nxd3 12. Qxd3 e5 13. Nxc6 bxc6 14. Bh6 f6 15. Rfe1 Kf7 16. Rad1 a5 17. a4 Rb8 18. Qc2 Qc7 19. Rd2 Be6 20. Rde2 Qa7 21. Be3 Rxb3 22. Qxb3 d4 23. Qc2 dxe3 24. Rxe3 Qxc5 25. Kh1 Bf8 26. Qd1 Bh6 27. Rd3 Bg5 28. f3 h5 29. fxg4 hxg4 30. Rd8 Rxd8 31. Qxd8 Qf2 32. Rd1 Qe2 33. c4 Bd5 34. Qd7+ Kg6 35. Qe8+ Bf7 36. Qd7 Qxc4 37. h3 gxh3 38. Qxh3 Qh4 39. Qxh4 Bxh4 40. Rc1 Bd5 41. Kg1 Bg5 42. Rc2 Be3+ 43. Kf1 Bd4 0-1

[Event "Toronto Reserves"]
[Site "Toronto CAN"]
[Date "2013.05.06"]
[Round "4"]
[White "Stefanovic, Miroslav"]
[Black "Chernik, Dmitry"]
[Result "1-0"]
[WhiteElo "1949"]
[BlackElo "1905"]
[PlyCount "101"]
[GameId "2160767909364590"]
[EventDate "2013.04.15"]
[EventType "tourn"]
[EventRounds "7"]
[EventCountry "CAN"]
[SourceTitle "EXT 2022"]
[Source "ChessBase"]
[SourceDate "2021.10.06"]
[SourceVersion "1"]
[SourceVersionDate "2021.10.06"]
[SourceQuality "1"]

1. Nf3 d6 2. d4 Nf6 3. Bf4 g6 4. e3 Bg7 5. Be2 O-O 6. O-O Nbd7 7. c3 Re8 8. a4 Ne4 9. Qc2 e5 10. dxe5 dxe5 11. Qxe4 Nf6 12. Qd3 Qxd3 13. Bxd3 exf4 14. exf4 Nd5 15. g3 Bg4 16. Kg2 Rad8 17. Bc4 Nb6 18. Na3 Bxf3+ 19. Kxf3 Rd2 20. a5 Nxc4 21. Nxc4 Rd3+ 22. Ne3 Rd2 23. Rab1 Kf8 24. Rfd1 Red8 25. Rxd2 Rxd2 26. Nc4 Rd5 27. Ke4 Rc5 28. Kd3 Rd5+ 29. Kc2 Rc5 30. Kb3 a6 31. Re1 Rb5+ 32. Kc2 Rc5 33. Ne5 Bxe5 34. Rxe5 Rc6 35. b3 Rd6 36. c4 c6 37. Kc3 Rd1 38. Kb4 f6 39. Re3 Kf7 40. Kc5 h5 41. Kb6 Rd7 42. b4 f5 43. c5 h4 44. Ka7 h3 45. Re1 Rd2 46. Kxb7 Rxf2 47. Kxa6 Rb2 48. Kb6 Rxb4+ 49. Kxc6 Rb2 50. Ra1 Rxh2 51. a6 1-0

[Event "Toronto Reserves"]
[Site "Toronto CAN"]
[Date "2013.05.06"]
[Round "4"]
[White "Udrea, Chris"]
[Black "Manalo, Pepin"]
[Result "1/2-1/2"]
[WhiteElo "1876"]
[BlackElo "1841"]
[PlyCount "29"]
[GameId "2160767909364591"]
[EventDate "2013.04.15"]
[EventType "tourn"]
[EventRounds "7"]
[EventCountry "CAN"]
[SourceTitle "EXT 2022"]
[Source "ChessBase"]
[SourceDate "2021.10.06"]
[SourceVersion "1"]
[SourceVersionDate "2021.10.06"]
[SourceQuality "1"]

1. d4 Nf6 2. c4 e6 3. Nf3 b6 4. g3 Bb7 5. Bg2 Bb4+ 6. Bd2 Bxd2+ 7. Nbxd2 O-O 8. O-O d5 9. Ne5 Nbd7 10. cxd5 exd5 11. Ndf3 c5 12. Rc1 Rc8 13. Bh3 Rc7 14. e3 Qe7 15. Qa4 1/2-1/2

[Event "Toronto Reserves"]
[Site "Toronto CAN"]
[Date "2013.05.13"]
[Round "5"]
[White "Chernik, Dmitry"]
[Black "Nasir, Zehn"]
[Result "1/2-1/2"]
[WhiteElo "1905"]
[BlackElo "2113"]
[PlyCount "85"]
[GameId "2160767909364592"]
[EventDate "2013.04.15"]
[EventType "tourn"]
[EventRounds "7"]
[EventCountry "CAN"]
[SourceTitle "EXT 2022"]
[Source "ChessBase"]
[SourceDate "2021.10.06"]
[SourceVersion "1"]
[SourceVersionDate "2021.10.06"]
[SourceQuality "1"]

1. e4 c6 2. d4 d5 3. e5 Bf5 4. Bd3 Bxd3 5. Qxd3 e6 6. Ne2 c5 7. c3 Nc6 8. b3 Nge7 9. O-O Nf5 10. Ng3 Nxg3 11. fxg3 Be7 12. Nd2 O-O 13. Nf3 Rc8 14. dxc5 Bxc5+ 15. Kh1 Be7 16. Bb2 a6 17. Rae1 b5 18. Nd4 Nxd4 19. cxd4 Qa5 20. Re2 Rc7 21. Ref2 Ba3 22. Bxa3 Qxa3 23. Rc2 Rfc8 24. Rxc7 Rxc7 25. Qb1 h6 26. h3 Qb4 27. Rc1 Rxc1+ 28. Qxc1 Qxd4 29. Qc8+ Kh7 30. Qxa6 b4 31. a4 bxa3 32. Qxa3 Qc3 33. Qe7 Qxe5 34. Qxf7 d4 35. Qd7 Qe3 36. b4 d3 37. Qc6 e5 38. Kh2 d2 39. Qd7 h5 40. Qf5+ Kh6 41. Qe6+ g6 42. Qd6 Qd4 43. Qf8+ 1/2-1/2

[Event "Toronto Reserves"]
[Site "Toronto CAN"]
[Date "2013.05.13"]
[Round "5"]
[White "Manalo, Pepin"]
[Black "Oliveira, Rodrigo"]
[Result "0-1"]
[WhiteElo "1841"]
[BlackElo "1937"]
[PlyCount "61"]
[GameId "2160767909364593"]
[EventDate "2013.04.15"]
[EventType "tourn"]
[EventRounds "7"]
[EventCountry "CAN"]
[SourceTitle "EXT 2022"]
[Source "ChessBase"]
[SourceDate "2021.10.06"]
[SourceVersion "1"]
[SourceVersionDate "2021.10.06"]
[SourceQuality "1"]

1. e4 e6 2. d4 d5 3. Nd2 Nf6 4. e5 Nfd7 5. Ngf3 c5 6. c3 Nc6 7. Bb5 Qb6 8. Bxc6 bxc6 9. O-O Be7 10. Re1 O-O 11. Nf1 Ba6 12. Ng3 cxd4 13. cxd4 c5 14. b3 cxd4 15. Nxd4 Bb4 16. Re3 Rac8 17. Bb2 Rc7 18. h4 Rfc8 19. Qg4 Bd2 20. Nh5 g6 21. Rg3 Nxe5 22. Nf6+ Kh8 23. Qd1 Nc4 24. Rh3 Bf4 25. Bc3 Nd6 26. Bb2 Be5 27. Ng4 Bg7 28. h5 Nf5 29. Nxf5 Bxb2 30. hxg6 fxg6 31. Qd2 0-1

[Event "Toronto Reserves"]
[Site "Toronto CAN"]
[Date "2013.05.13"]
[Round "5"]
[White "Southam, David"]
[Black "Udrea, Chris"]
[Result "1/2-1/2"]
[WhiteElo "2193"]
[BlackElo "1876"]
[PlyCount "95"]
[GameId "2160767909364595"]
[EventDate "2013.04.15"]
[EventType "tourn"]
[EventRounds "7"]
[EventCountry "CAN"]
[SourceTitle "EXT 2022"]
[Source "ChessBase"]
[SourceDate "2021.10.06"]
[SourceVersion "1"]
[SourceVersionDate "2021.10.06"]
[SourceQuality "1"]

1. d4 Nf6 2. c4 e6 3. Nc3 d5 4. Bg5 c6 5. e3 Nbd7 6. cxd5 exd5 7. Bd3 Be7 8. Qc2 h6 9. Bh4 Nh5 10. Bxe7 Qxe7 11. O-O-O Nhf6 12. Kb1 Nb6 13. Nge2 Be6 14. Na4 Nxa4 15. Qxa4 b5 16. Qc2 Bd7 17. Nc1 O-O 18. Rhe1 a5 19. f3 a4 20. e4 dxe4 21. fxe4 b4 22. e5 b3 23. axb3 axb3 24. Qc5 Qxc5 25. dxc5 Ng4 26. h3 Nf2 27. Bh7+ Kxh7 28. Rxd7 Ra4 29. Nxb3 Rb8 30. Rd4 Rxd4 31. Nxd4 Nd3 32. Re2 Nxc5 33. Nxc6 Rb6 34. Nd4 Nd3 35. Kc2 Nxb2 36. Kc3 Na4+ 37. Kc4 Rb7 38. Nf5 Rc7+ 39. Kd4 Nc5 40. Nd6 Ne6+ 41. Ke3 Rc3+ 42. Kd2 Rc7 43. Rf2 Kg8 44. Ke3 Ra7 45. Rb2 Ra3+ 46. Ke4 Ra7 47. Rc2 Ng5+ 48. Kd5 1/2-1/2

[Event "Toronto Reserves"]
[Site "Toronto CAN"]
[Date "2013.05.27"]
[Round "6"]
[White "Oliveira, Rodrigo"]
[Black "Southam, David"]
[Result "0-1"]
[WhiteElo "1937"]
[BlackElo "2193"]
[PlyCount "68"]
[GameId "2160767909364596"]
[EventDate "2013.04.15"]
[EventType "tourn"]
[EventRounds "7"]
[EventCountry "CAN"]
[SourceTitle "EXT 2022"]
[Source "ChessBase"]
[SourceDate "2021.10.06"]
[SourceVersion "1"]
[SourceVersionDate "2021.10.06"]
[SourceQuality "1"]

1. d4 e6 2. Nf3 f5 3. Nc3 d5 4. Bg5 Nf6 5. Bxf6 Qxf6 6. e3 Nd7 7. Bd3 c6 8. Qe2 Bb4 9. a3 Ba5 10. h3 e5 11. dxe5 Nxe5 12. O-O O-O 13. Nd1 Nxf3+ 14. Qxf3 Be6 15. Rb1 Bc7 16. Nc3 Be5 17. Na4 b6 18. b4 Rae8 19. Rfc1 f4 20. c3 fxe3 21. Qxf6 Bxf6 22. fxe3 Bg5 23. Re1 Bf5 24. Bxf5 Rxf5 25. Nb2 Bxe3+ 26. Kh1 Rfe5 27. Nd3 R5e6 28. Re2 Bg5 29. Rxe6 Rxe6 30. Rd1 Re2 31. b5 c5 32. Ne1 Rd2 33. Rb1 Bf6 34. Rc1 Ra2 0-1

[Event "Toronto Reserves"]
[Site "Toronto CAN"]
[Date "2013.05.27"]
[Round "6"]
[White "Udrea, Chris"]
[Black "Chernik, Dmitry"]
[Result "1/2-1/2"]
[WhiteElo "1876"]
[BlackElo "1905"]
[PlyCount "92"]
[GameId "2160767909364599"]
[EventDate "2013.04.15"]
[EventType "tourn"]
[EventRounds "7"]
[EventCountry "CAN"]
[SourceTitle "EXT 2022"]
[Source "ChessBase"]
[SourceDate "2021.10.06"]
[SourceVersion "1"]
[SourceVersionDate "2021.10.06"]
[SourceQuality "1"]

1. Nf3 Nf6 2. d4 g6 3. g3 Bg7 4. Bg2 O-O 5. O-O d6 6. c3 c6 7. Nbd2 Re8 8. e4 e5 9. dxe5 dxe5 10. Qe2 Qc7 11. b3 b6 12. Re1 Ba6 13. c4 c5 14. Bb2 Nc6 15. Rad1 Rad8 16. Nb1 Rxd1 17. Rxd1 Nd4 18. Nxd4 exd4 19. Qd3 Ng4 20. Bc1 Ne5 21. Qf1 Bb7 22. Bf4 Qe7 23. Bxe5 Qxe5 24. f4 Qb8 25. e5 f6 26. exf6 Bxf6 27. Nd2 Re3 28. Re1 Bxg2 29. Kxg2 Qb7+ 30. Kg1 Qe7 31. Kf2 g5 32. fxg5 Bxg5 33. Nf3 Kg7 34. Nxg5 Qxg5 35. Kg2 Qe5 36. Rxe3 Qxe3 37. Qf5 Qe2+ 38. Kh3 d3 39. Qd7+ Kf6 40. Qd8+ Kf5 41. Qd5+ Kf6 42. Qd8+ Ke6 43. Qe8+ Kd6 44. Qd8+ Ke6 45. Qe8+ Kf6 46. Qd8+ Ke6 1/2-1/2

[Event "Toronto Reserves"]
[Site "Toronto CAN"]
[Date "2013.06.03"]
[Round "7"]
[White "Manalo, Pepin"]
[Black "Stefanovic, Miroslav"]
[Result "0-1"]
[WhiteElo "1841"]
[BlackElo "1949"]
[PlyCount "44"]
[GameId "2160767909364601"]
[EventDate "2013.04.15"]
[EventType "tourn"]
[EventRounds "7"]
[EventCountry "CAN"]
[SourceTitle "EXT 2022"]
[Source "ChessBase"]
[SourceDate "2021.10.06"]
[SourceVersion "1"]
[SourceVersionDate "2021.10.06"]
[SourceQuality "1"]

1. e4 c5 2. Nf3 g6 3. d4 cxd4 4. Qxd4 Nf6 5. Nc3 Nc6 6. Qd2 Bg7 7. Bc4 O-O 8. h3 d6 9. Qg5 Qa5 10. Qh4 Nxe4 11. Qxe4 Bxc3+ 12. Bd2 Bxd2+ 13. Nxd2 Bf5 14. Qe3 Nb4 15. Bd3 Bxd3 16. Rc1 Nxc2+ 17. Rxc2 Bxc2 18. O-O Rac8 19. a3 b6 20. b4 Qe5 21. Qh6 Bd3 22. Nf3 Qg7 0-1